000 00658nam a2200241Ia 4500
003 OSt
005 20220927112115.0
006 a|||||r|||| 00| 0
007 ta
008 220926b |||||||| |||| 00| 0 eng d
024 _a104590
037 _cReports
040 _aRTL
_cRTL
_beng
041 _2eng
_aeng
082 _a"z.252.N61t5:g:(X71), K1"
110 _aUttar Pradesh
_9350962
245 0 _aDetailed estimates of expenditure on third five ye
300 _a192p.
_ccm.
650 _aGeneralia
700 _aUttar Pradesh
_9350963
942 _h"z.252.N61t5:g:(X71), K1"
_cCC
999 _c699805
_d699805